| 000 | 00895nam a22002417a 4500 | ||
|---|---|---|---|
| 999 |
_c64199 _d64199 |
||
| 005 | 20240530110719.0 | ||
| 008 | 180320s2017 ua g 000 f ara d | ||
| 017 |
_a2017/1763 _bمصر. دار الكتب |
||
| 020 | _a9789773193195 | ||
| 040 |
_aEG-CaGPL _cEG-CaGPL |
||
| 082 | 0 | 4 |
_221 _a853 / _bف ح |
| 100 | 1 | _aفينتورينى، ميلا | |
| 245 | 1 | 2 |
_aالحب لم يعد مناسبا : _bرواية من ايطاليا / _cميلا فيتورينى ؛ ترجمة اسلام فوزى |
| 250 | _aط.1 | ||
| 260 |
_aالقاهرة : _bالعربى للنشر و التوزيع ، _c2017. |
||
| 300 |
_a256 ص. ؛ _c19 سم. |
||
| 650 | 0 | 7 |
_2qrmak _aالادب الايطالى |
| 650 | 0 | 7 |
_2qrmak _aالقصص الايطالية المترجمة |
| 651 | _2qrmak | ||
| 700 | 0 |
_aاسلام فوزى _eمترجم |
|
| 942 |
_2ddc _cBK |
||